Welcome to the Holygrace Academy Library

Please use search bar below to get started

KUNJANUJATHIKKU VENDI (Record no. 1789)

MARC details
000 -LEADER
fixed length control field 00294nam a22001457a 4500
020 ## - INTERNATIONAL STANDARD BOOK NUMBER
ISBN 81-7807-059-6
082 ## - DEWEY DECIMAL CLASSIFICATION NUMBER
Classification number 894.812.3
Item number NIR/K
100 ## - MAIN ENTRY--AUTHOR NAME
Personal name G.K, NIRANAM
245 ## - TITLE STATEMENT
Title KUNJANUJATHIKKU VENDI
250 ## - EDITION STATEMENT
Edition statement FIRST
260 ## - PUBLICATION, DISTRIBUTION, ETC. (IMPRINT)
Year of publication 2001
300 ## - PHYSICAL DESCRIPTION
Number of Pages 112
650 ## - SUBJECT ADDED ENTRY--TOPICAL TERM
Topical Term PLAY
Geographic subdivision KERALA
942 ## - ADDED ENTRY ELEMENTS (KOHA)
Koha item type Books
Holdings
Withdrawn status Lost status Collection code Home library Current library Shelving location Date acquired Source of acquisition Cost, normal purchase price Full call number Accession Number Koha item type
    Non-fiction Main Library Main Library SHELF-6C MALAYALAM SHORT STORIES 22/07/2019 PURCHASE 50.00 894.812.3 NIR/K 11454 Books